00755cam a22002171 4500001001300000003000400013005001700017008004100034010001700075035001900092040002200111042001200133050001600145100004400161245018800205260002900393300001700422650002200439710005900461999001700520g 01002117 DLC20260227111257.0801017m17561764gw 000 0 ger  ag 01002117  a(OCoLC)6837810 aDLCcTxUdGUdDLC apremarc00aZ1010b.H191 aHamberger, Georg Christoph,d1726-1773.00aM. Georg Christoph Hambergers ...bZuverlåssige Nachrichten von den vornehmsten Schriftstellern vom Anfange der Welt bis 1500.cMit einer Vorrede ... des Herrn Professors Gesner ... aLemgo,bMeyer,c1756-64. a4 v.c20 cm. 0aBio-bibliography.2 aPre-1801 Imprint Collection (Library of Congress)5DLC c23914d23914